• 首页
  • 本馆介绍
  • 公告通知
  • 最新文献
  • 馆藏检索
  • 电子资源
  • 读者导购
  • 参考咨询
  • 我的图书馆
  • 登录
  • 详细信息显示
  • 放入我的书架
  • 预约/预借图书
  • 作者相关作品
  • 分类相关作品
  • 丛书相关作品
  • 出版社相关作品

书目信息

  • 表格格式
  • 工作单格式
  • 卡片格式
题名:
资本市场案例
    
 
作者: 伊志宏 主编
分册:  
出版信息: 北京   中国人民大学出版社  2004
页数: 277页
开本: 24cm
丛书名:
单 册:
中图分类: F832.51 , F830.9
科图分类:
主题词: 资本市场--案例--中国--研究生--教材 , 资本市场
电子资源:
ISBN: 7-300-06096-X
000 01019nam0 2200277 450
000 01004nam0 2200265 450
000 00934nam0 2200241 450
000 00898oam2 2200229 45
005 20070725130816.45
010    @a7-300-06096-X@dCNY29.00
100    @a20070719d2004 em y0chiy0120 ea
101 0  @achi
102    @aCN@b110000
105    @ay z 000yy
200 1  @a资本市场案例@AZi Ben Shi Chang An Li@f伊志宏主编@FYi Zhi Hong Zhu Bian
210    @a北京@c中国人民大学出版社@d2004
215    @a277页@d24cm
300    @aMBA精品课程系列教材·金融与财务系列
330    @a本书通过案例中翔实全面的介绍、由浅入深的分析及案例后的提示,使读者对资本市场主要金融工具的特点、债券市场和股票市场的运行、资本市场在社会经济、企业投融资和居民生活中的作用有一个比较深入的了解。
606 0  @a资本市场@x案例@y中国@x研究生@j教材
606 0  @a资本市场
690    @aF832.51@v4
690    @aF830.9@v3
701  0 @a伊志宏@AYi Zhi Hong@c(女, @f1965~)@4主编
801  0 @aCN@bTAOJIN@c20070725
905    @a10447@dF830.9@e112
    
    资本市场案例/伊志宏主编.-北京:中国人民大学出版社,2004
    277页;24cm
    MBA精品课程系列教材·金融与财务系列
    
    ISBN 7-300-06096-X:CNY29.00
    本书通过案例中翔实全面的介绍、由浅入深的分析及案例后的提示,使读者对资本市场主要金融工具的特点、债券市场和股票市场的运行、资本市场在社会经济、企业投融资和居民生活中的作用有一个比较深入的了解。
●
相关链接 在E读中查询图书 在五车中查询图书 在当当中查询图书 在豆瓣中查询图书


正题名:资本市场案例     索取号:F830.9/112         预约/预借

序号 登录号 条形码 馆藏地/架位号 状态 备注
1 0825240   208252406   第一样本阅览室/ [索取号:F830.9/112] 在馆    
2 0825241   208252415   第一借阅区/ [索取号:F830.9/112] 在馆    
3 0825242   208252424   第一借阅区/ [索取号:F830.9/112] 在馆    
4 0825243   208252433   第一借阅区/ [索取号:F830.9/112] 在馆    
5 0825244   208252442   第一借阅区/ [索取号:F830.9/112] 在馆    
6 0825245   208252451   第一借阅区/ [索取号:F830.9/112] 在馆    
7 0825246   208252460   第一借阅区/ [索取号:F830.9/112] 在馆    
唐山师范学院图书馆 欢迎您!
大连网信软件有限公司© 版权所有